[Event "Aalborg "]
[Site "Aalborg"]
[Date "1999.??.??"]
[Round "4"]
[White "Nielsen, Tommy"]
[Black "Christiansen, Jens Jorgen"]
[Result "1-0"]
[WhiteElo "2191"]
[BlackElo "2210"]
[PlyCount "71"]
[EventDate "1999.??.??"]
[EventType "tourn"]
[EventRounds "7"]
[EventCountry "DEN"]
[EventCategory "1"]
[SourceTitle "EXT 2001"]
[Source "ChessBase"]
[SourceDate "2000.11.22"]

1. e4 c6 2. d4 d5 3. Nd2 dxe4 4. Nxe4 Nd7 5. Bc4 Nb6 6. Bb3 Bf5 7. Ng3 Bg6 8.
Nf3 e6 9. c3 Bd6 10. Qe2 Qc7 11. c4 Bb4+ 12. Kf1 O-O-O 13. Kg1 Be7 14. Bd2 Nf6
15. a4 Nbd7 16. Qe1 h5 17. h4 Bd6 18. Ne2 Ne4 19. Be3 Ndf6 20. c5 Bf8 21. Bf4
Qe7 22. Qa5 a6 23. Qb6 Ne8 24. Ne5 Bf5 25. Nxc6 bxc6 26. Qb8+ Kd7 27. Qb7+ Nc7
28. Qxc7+ Ke8 29. Qxc6+ Qd7 30. Qxa6 Be7 31. Qb5 Kf8 32. Qxd7 Rxd7 33. f3 Nf6
34. c6 Rd8 35. c7 Rc8 36. Nc3 1-0

[Event "Aalborg "]
[Site "Aalborg"]
[Date "1999.??.??"]
[Round "1"]
[White "Nielsen, Tommy"]
[Black "Bentzen, Eric"]
[Result "0-1"]
[WhiteElo "2191"]
[BlackElo "2360"]
[PlyCount "75"]
[EventDate "1999.??.??"]
[EventType "tourn"]
[EventRounds "7"]
[EventCountry "DEN"]
[EventCategory "1"]
[SourceTitle "EXT 2001"]
[Source "ChessBase"]
[SourceDate "2000.11.22"]

1. e4 e5 2. Nf3 Nc6 3. Bc4 Bc5 4. d3 Nf6 5. O-O d6 6. c3 Bg4 7. Be3 Bb6 8. Nbd2
O-O 9. Bb3 h6 10. Qe1 Re8 11. h3 Be6 12. Bxe6 Rxe6 13. Nb3 d5 14. Rd1 Qe7 15.
Nh4 Rd8 16. Nf5 Qf8 17. Qe2 Kh7 18. Bc1 Ne7 19. Nxe7 Qxe7 20. exd5 Rxd5 21. c4
Rd8 22. Qc2 c6 23. d4+ Kg8 24. dxe5 Rxd1 25. Rxd1 Rxe5 26. Kf1 Re4 27. c5 Bc7
28. Bd2 Nd5 29. Re1 Rxe1+ 30. Bxe1 Qe5 31. g3 Qe6 32. h4 Bxg3 33. Nd4 Qh3+ 34.
Ke2 Qg4+ 35. f3 Qxd4 36. Bxg3 Qe3+ 37. Kf1 Qxf3+ 38. Bf2 0-1